000
003150000a22001450004500
005
20120302062822.0
942
_c
BOOK
100
_a
BODAS,MANDA
245
_a
VETAL PANCHAVISHI
260
_a
MUMBAI : CENTRAL PRAKASHAN
300
_a
128 P.
040
_a
MAR
365
_b
RS.2/-
650
_a
SANKIRNA / GOSHTI
999
_c
357760
_d
357757